[Event "Minsk Kupreichik Memorial op"]
[Site "Minsk"]
[Date "2023.04.22"]
[Round "2"]
[White "Dorashava, Viktoryia"]
[Black "Baryschyk, Sergey"]
[Result "1-0"]
[WhiteElo "1580"]
[BlackElo "1966"]
[PlyCount "59"]
[EventDate "2023.04.21"]
[EventType "swiss"]
[EventRounds "7"]
[EventCountry "BLR"]
[SourceTitle "CBM 214 Extra"]
[Source "ChessBase"]
[SourceDate "2023.07.31"]
[SourceVersion "1"]
[SourceVersionDate "2023.07.31"]
[SourceQuality "1"]

1. d4 Nf6 2. c4 c5 3. d5 g6 4. Nc3 Bg7 5. e4 d6 6. f4 0-0 7. Nf3 e6 8. Be2 exd5 9. exd5 Re8 10. 0-0 Na6 11. Bd3 Bf5 12. Bxf5 gxf5 13. Nh4 Qd7 14. Ne2 Ne4 15. Qd3 Nb4 16. Qh3 Nc2 17. Rb1 Nd4 18. Ng3 Nxg3 19. hxg3 Re2 20. b3 Rxa2 21. Be3 Re8 22. Bxd4 Bxd4+ 23. Kh1 Ree2 24. Rg1 Bxg1 25. Rxg1 Kh8 26. Nxf5 Re8 27. g4 Rg8 28. Qc3+ f6 29. Qxf6+ Rg7 30. Re1 1-0

[Event "Moscow Botvinnik Memorial Cup"]
[Site "Moscow"]
[Date "2022.08.23"]
[Round "9.1"]
[White "Baryschyk, Sergey"]
[Black "Sharifov, Mekhriddin"]
[Result "1/2-1/2"]
[WhiteElo "1915"]
[BlackElo "2097"]
[PlyCount "107"]
[EventDate "2022.08.18"]
[EventType "team-tourn"]
[EventRounds "9"]
[EventCountry "RUS"]
[SourceTitle "CBM 209 Extra"]
[Source "ChessBase"]
[SourceDate "2022.09.30"]
[SourceVersion "1"]
[SourceVersionDate "2022.09.30"]
[SourceQuality "1"]
[WhiteTeam "Belarus"]
[BlackTeam "Tajikistan"]
[WhiteTeamCountry "BLR"]
[BlackTeamCountry "TJK"]

1. Nf3 Nf6 2. g3 d5 3. Bg2 c6 4. 0-0 Bg4 5. d3 Nbd7 6. Nbd2 e5 7. e4 dxe4 8. dxe4 h6 9. h3 Be6 10. Qe2 a5 11. Nh2 Bc5 12. Kh1 g6 13. f4 Nh5 14. Rf3 exf4 15. gxf4 Qh4 16. Ndf1 0-0-0 17. a3 f5 18. e5 g5 19. b4 Bd4 20. c3 Bb6 21. b5 Bd5 22. bxc6 Bxc6 23. fxg5 hxg5 24. Rxf5 Bxg2+ 25. Qxg2 Nf4 26. Bxf4 gxf4 27. e6 Rdg8 28. exd7+ Kd8 29. Ng4 Qxh3+ 30. Qxh3 Rxh3+ 31. Kg2 Rxc3 32. Rxf4 Kxd7 33. Ng3 Kc7 34. Rb1 Rg7 35. Nh5 Rd7 36. Rf3 Rd2+ 37. Rf2 Bxf2 38. Nxf2 Rxa3 39. Ng3 Ra4 40. Kf3 Ra3+ 41. Kg2 Rc2 42. Nf5 Raa2 43. Rf1 b5 44. Nd4 Rcb2 45. Kf3 Kb6 46. Nd3 Rh2 47. Ke4 Rh4+ 48. Ke5 Rh5+ 49. Ke4 Rh6 50. Rf5 Rh4+ 51. Ke5 Rh6 52. Ke4 Rh4+ 53. Ke5 Rh6 54. Ke4 1/2-1/2

[Event "Online Friendship U12"]
[Site "Tornelo INT"]
[Date "2020.11.21"]
[Round "2.2"]
[White "Zubaryk, Maryia"]
[Black "Baryschyk, Sergey"]
[Result "0-1"]
[WhiteElo "1128"]
[BlackElo "1782"]
[PlyCount "84"]
[EventDate "2020.11.21"]
[EventType "team-swiss"]
[EventRounds "7"]
[EventCountry "BLR"]
[SourceTitle "CBM 199 Extra"]
[Source "ChessBase"]
[SourceDate "2021.01.31"]
[SourceVersion "1"]
[SourceVersionDate "2021.01.31"]
[SourceQuality "1"]
[WhiteTeam "Belarus FIDE Academy"]
[BlackTeam "Belarus Minsk"]
[WhiteTeamCountry "BLR"]
[BlackTeamCountry "BLR"]

1. e4 c5 2. Nf3 e6 3. d4 cxd4 4. Nxd4 Nf6 5. Nc3 Nc6 6. Be2 Bb4 7. Bg5 Qa5 8. Nxc6 Bxc3+ 9. bxc3 Qxg5 10. Nd4 Nxe4 11. Bf3 Nxc3 12. Qd3 Qe5+ 13. Kf1 Nb5 14. Qxb5 Qxd4 15. Rd1 Qb6 16. Qxb6 axb6 17. Ra1 d5 18. Ke2 Kd7 19. Rhd1 Kc7 20. a4 Bd7 21. Rd4 Ra5 22. Kd2 Rha8 23. Ra3 Rxa4 24. Rc3+ Kd6 25. Rdd3 b5 26. Rb3 Rc4 27. Be2 Ra2 28. Rdc3 Rxc3 29. Kxc3 Kc5 30. Rb4 Ra3+ 31. Kb2 Kxb4 32. f3 Re3 33. Bd3 e5 34. Bxh7 e4 35. Bg8 Be6 36. fxe4 dxe4 37. Bh7 g6 38. Bg8 Rc3 39. Kc1 e3 40. Kd1 Bg4+ 41. Ke1 Rxc2 42. Bxf7 Rc1# 0-1

[Event "EU-ch Online U12"]
[Site "Tornelo INT"]
[Date "2020.09.19"]
[Round "6"]
[White "Craciun, Sasha Matei"]
[Black "Baryschyk, Sergey"]
[Result "1-0"]
[WhiteElo "1621"]
[BlackElo "1782"]
[PlyCount "131"]
[EventDate "2020.09.18"]
[EventType "swiss (rapid)"]
[EventRounds "9"]
[EventCountry "NET"]
[SourceTitle "EXT 2023"]
[Source "ChessBase"]
[SourceDate "2022.10.05"]
[SourceVersion "1"]
[SourceVersionDate "2022.10.05"]
[SourceQuality "1"]
[WhiteTeam "Romania"]
[BlackTeam "Belarus"]
[WhiteTeamCountry "ROU"]
[BlackTeamCountry "BLR"]

1. e4 c5 2. Nf3 e6 3. g3 Nc6 4. Bg2 Nf6 5. Nc3 d5 6. exd5 exd5 7. 0-0 Be7 8. d4 h6 9. Re1 0-0 10. b3 Bg4 11. dxc5 Bxc5 12. Bb2 a6 13. Qd2 Bb4 14. a3 Ba5 15. b4 Bb6 16. h3 Bxf3 17. Bxf3 Qd6 18. Kh2 Ne5 19. Rxe5 Qxe5 20. Na4 Qd6 21. Bxf6 Qxf6 22. Nxb6 Qxb6 23. Bxd5 Rfe8 24. Re1 Rad8 25. c4 Rxe1 26. Qxe1 Qc7 27. Qe4 b6 28. Kg2 Qd7 29. Bc6 Qd3 30. Qe7 Qd6 31. Qe4 a5 32. bxa5 bxa5 33. a4 g6 34. Bd5 Kg7 35. Qd4+ Qf6 36. Qa7 Re8 37. Qxa5 Re2 38. Qa7 h5 39. h4 Re7 40. Qc5 g5 41. hxg5 Qxg5 42. Qd4+ f6 43. Qh4 Qf5 44. Bf3 Re5 45. Qd4 Qc2 46. Qd7+ Kh6 47. Qd8 Kg7 48. Qc7+ Kh6 49. Qf7 Qg6 50. Qxg6+ Kxg6 51. Bc6 Ra5 52. Bb5 Kf7 53. c5 Ke6 54. c6 Kd6 55. Kh3 Ra8 56. g4 hxg4+ 57. Kxg4 Rg8+ 58. Kf5 Rg5+ 59. Kxf6 Rg8 60. f4 Rf8+ 61. Kg5 Ke6 62. Ba6 Rf5+ 63. Kg4 Ra5 64. c7 Rc5 65. c8Q+ Rxc8 66. Bxc8+ 1-0

[Event "EU-ch Online U12"]
[Site "Tornelo INT"]
[Date "2020.09.19"]
[Round "4"]
[White "Zverev, Lev"]
[Black "Baryschyk, Sergey"]
[Result "1-0"]
[WhiteElo "2007"]
[BlackElo "1782"]
[PlyCount "83"]
[EventDate "2020.09.18"]
[EventType "swiss (rapid)"]
[EventRounds "9"]
[EventCountry "NET"]
[SourceTitle "EXT 2023"]
[Source "ChessBase"]
[SourceDate "2022.10.05"]
[SourceVersion "1"]
[SourceVersionDate "2022.10.05"]
[SourceQuality "1"]
[WhiteTeam "Russia"]
[BlackTeam "Belarus"]
[WhiteTeamCountry "RUS"]
[BlackTeamCountry "BLR"]

1. e4 c5 2. Nf3 e6 3. d4 cxd4 4. Nxd4 Nf6 5. Nc3 Nc6 6. Ndb5 d6 7. Bf4 e5 8. Bg5 a6 9. Na3 b5 10. Bxf6 gxf6 11. Nd5 Be6 12. c3 Bg7 13. g3 Ne7 14. Ne3 Rc8 15. Bg2 0-0 16. 0-0 f5 17. exf5 Nxf5 18. Nac2 Ne7 19. Nb4 a5 20. Nbd5 Nxd5 21. Nxd5 Kh8 22. a4 Bxd5 23. Qxd5 Rc5 24. Qd2 f5 25. Rfd1 Rf6 26. Qe3 Qf8 27. b4 f4 28. Qe1 fxg3 29. hxg3 axb4 30. cxb4 Rc2 31. Rd2 Rxd2 32. Qxd2 e4 33. axb5 d5 34. Ra6 Rf5 35. b6 Qc8 36. b5 Bc3 37. Qc2 d4 38. Bxe4 Rf8 39. Ra8 Qc5 40. b7 d3 41. Rxf8+ Qxf8 42. Qxc3+ 1-0

[Event "Anti Cheating Blitz Cup"]
[Site "Chess.com INT"]
[Date "2020.05.20"]
[Round "10"]
[White "Baryschyk, Sergey"]
[Black "Carbone, Stefano"]
[Result "1-0"]
[WhiteElo "1957"]
[BlackElo "2091"]
[PlyCount "131"]
[EventDate "2020.05.20"]
[EventType "swiss (blitz)"]
[EventRounds "11"]
[EventCountry "USA"]
[SourceTitle "CBM 196 Extra"]
[Source "ChessBase"]
[SourceDate "2020.07.31"]
[SourceVersion "1"]
[SourceVersionDate "2020.07.31"]
[SourceQuality "1"]

1. e4 d5 2. exd5 Qxd5 3. Nc3 Qd6 4. g3 c6 5. Bg2 Nf6 6. Nge2 g6 7. d4 Bg7 8. Bf4 Qd8 9. 0-0 0-0 10. h3 Nbd7 11. Qd2 Nb6 12. b3 Nbd5 13. Nxd5 cxd5 14. Rfe1 Bf5 15. Rac1 Be4 16. c4 Bxg2 17. Kxg2 Rc8 18. c5 Ne4 19. Qd3 Qa5 20. f3 Nf6 21. Qd2 Qxd2 22. Bxd2 Nd7 23. f4 e6 24. Be3 f5 25. Nc3 Nf6 26. b4 Ne4 27. Nxe4 fxe4 28. a4 g5 29. b5 gxf4 30. gxf4 Kf7 31. Rc2 Ke7 32. Rec1 Bf6 33. c6 b6 34. Kf2 Rg8 35. Rg1 Bh4+ 36. Kf1 Rxg1+ 37. Kxg1 Rg8+ 38. Rg2 Rxg2+ 39. Kxg2 Kd8 40. Bd2 h5 41. Kf1 Kc7 42. Ke2 Bg3 43. Ke3 Bh4 44. Bb4 Bf6 45. Bf8 a6 46. Bh6 axb5 47. axb5 Kc8 48. Bg5 Bg7 49. Be7 Kc7 50. Bb4 Bf6 51. Bf8 Bh8 52. Bh6 Bf6 53. Bg5 Bg7 54. Bh4 Bh8 55. Bg3 Kc8 56. Bf2 Bf6 57. Ke2 Bg7 58. Kf1 Bh6 59. Be3 Kc7 60. Kf2 Bg7 61. Kg3 Bf6 62. f5 e5 63. dxe5 Bxe5+ 64. Bf4 Bxf4+ 65. Kxf4 Kd6 66. f6 1-0

[Event "Anti Cheating Blitz Cup"]
[Site "Chess.com INT"]
[Date "2020.05.20"]
[Round "4"]
[White "Miano, Andrea"]
[Black "Baryschyk, Sergey"]
[Result "0-1"]
[WhiteElo "1563"]
[BlackElo "1957"]
[PlyCount "146"]
[EventDate "2020.05.20"]
[EventType "swiss (blitz)"]
[EventRounds "11"]
[EventCountry "USA"]
[SourceTitle "CBM 196 Extra"]
[Source "ChessBase"]
[SourceDate "2020.07.31"]
[SourceVersion "1"]
[SourceVersionDate "2020.07.31"]
[SourceQuality "1"]

1. e4 c5 2. Nf3 e6 3. d4 cxd4 4. Nxd4 Nf6 5. Nc3 Nc6 6. Nxc6 bxc6 7. Bd3 d5 8. Bg5 Be7 9. 0-0 0-0 10. e5 Nd7 11. Bxe7 Qxe7 12. Qh5 g6 13. Qe2 a6 14. Nd1 c5 15. Ne3 c4 16. Bxc4 dxc4 17. Nxc4 Qc5 18. Rfe1 a5 19. Qg4 Ba6 20. Ne3 Nxe5 21. Qg3 Nc4 22. Ng4 Kg7 23. Qh3 h5 24. Qc3+ f6 25. Ne3 Rac8 26. Qd3 Nxe3 27. Qxe3 Qxe3 28. Rxe3 e5 29. c3 Rb8 30. b3 Rfd8 31. Re4 Kf7 32. Ra4 Rb5 33. c4 Rc5 34. b4 Rxc4 35. Rxa5 Rcd4 36. f3 Bc4 37. Ra7+ Ke6 38. a4 Bd5 39. b5 Ra8 40. Rxa8 Bxa8 41. a5 Kd7 42. Kf2 f5 43. Ke3 Rd5 44. b6 Kc6 45. Rc1+ Kb7 46. Rc7+ Kb8 47. Rg7 Rxa5 48. Rxg6 f4+ 49. Ke2 Bd5 50. Rg5 Kb7 51. Rxh5 Kxb6 52. Kf2 Bc6 53. Rf5 Kc7 54. h4 Kd6 55. Rg5 Ra8 56. h5 Rh8 57. Rg6+ Kd5 58. Rg5 Be8 59. g3 fxg3+ 60. Kxg3 Rxh5 61. Rxh5 Bxh5 62. Kf2 Ke6 63. Ke3 Kf5 64. Kf2 Kf4 65. Ke2 Bf7 66. Kf2 Bd5 67. Ke2 Bxf3+ 68. Kf2 e4 69. Ke1 e3 70. Kf1 e2+ 71. Kf2 Kg4 72. Ke1 Kg3 73. Kd2 Kf2 0-1

[Event "Wch U10"]
[Site "Santiago de Compostela"]
[Date "2018.11.04"]
[Round "1"]
[White "Baryschyk, Sergey"]
[Black "Chandra, Anand Rishi"]
[Result "1-0"]
[WhiteElo "1468"]
[BlackElo "1953"]
[PlyCount "71"]
[EventDate "2018.11.04"]
[EventType "swiss"]
[EventRounds "11"]
[EventCountry "ESP"]
[SourceTitle "EXT 2022"]
[Source "ChessBase"]
[SourceDate "2021.10.06"]
[SourceVersion "1"]
[SourceVersionDate "2021.10.06"]
[SourceQuality "1"]

1. d4 d5 2. Nc3 Nf6 3. Bg5 Nbd7 4. f3 e6 5. e4 dxe4 6. fxe4 h6 7. Bf4 Bb4 8. Bd3 c5 9. a3 Ba5 10. b4 cxb4 11. Nb5 b3+ 12. c3 b2 13. Rb1 a6 14. Nd6+ Kf8 15. Ne2 Nh5 16. 0-0 f6 17. g4 Nxf4 18. Nxf4 Kg8 19. Ng6 Rh7 20. e5 Bxc3 21. Ne7+ Qxe7 22. Bxh7+ Kh8 23. Qd3 Bxd4+ 24. Qxd4 Kxh7 25. exf6 Nxf6 26. Rxb2 e5 27. Re2 Nxg4 28. Nxc8 Qg5 29. Qe4+ Kg8 30. Ne7+ Kh8 31. Qg2 h5 32. h3 Qxe7 33. hxg4 Qc5+ 34. Kh1 Qxa3 35. Rxe5 hxg4 36. Rh5+ 1-0